New Country Code proposed (Record no. 72529)

MARC details
000 -LEADER
fixed length control field 00951cam a2200205 4500
001 - CONTROL NUMBER
control field WB3915-22
008 - FIXED-LENGTH DATA ELEMENTS--GENERAL INFORMATION
fixed length control field 030423n2003 000 0 eng u
035 ## - SYSTEM CONTROL NUMBER
System control number (Sirsi) u122065
245 ## - TITLE STATEMENT
Title New Country Code proposed
260 ## - PUBLICATION, DISTRIBUTION, ETC.
Date of publication, distribution, etc. 2003
490 ## - SERIES STATEMENT
Series statement Countryside Focus
Volume/sequential designation (25) April/May 2003, 3(1)
520 ## - SUMMARY, ETC.
Summary, etc. The Countryside Agency and the Countryside Council for Wales are working on a new Country Code. These organisations now have a duty to inform people about their rights and responsibilities and provide guidance. Individuals and organisations are to be asked their opinions through a consultation paper, which will appear on their respective websites. Copies will be available from t +44 (0)1242 521381 or http://www.countryside.gov.uk/index.htm
590 ## - LOCAL NOTE (RLIN)
Local note WB
650 ## - SUBJECT ADDED ENTRY--TOPICAL TERM
Topical term or geographic name entry element COUNTRY CODE
650 ## - SUBJECT ADDED ENTRY--TOPICAL TERM
Topical term or geographic name entry element CROW ACT
650 ## - SUBJECT ADDED ENTRY--TOPICAL TERM
Topical term or geographic name entry element COUNTRYSIDE AND RIGHTS OF WAY ACT 2000
650 ## - SUBJECT ADDED ENTRY--TOPICAL TERM
Topical term or geographic name entry element RIGHTS OF WAY
690 ## - LOCAL SUBJECT ADDED ENTRY--TOPICAL TERM (OCLC, RLIN)
Topical term or geographic name as entry element Rural
9 (RLIN) 6268
942 ## - ADDED ENTRY ELEMENTS (KOHA)
Suppress in OPAC 0
Holdings
Withdrawn status Lost status Source of classification or shelving scheme Damaged status Not for loan Home library Current library Shelving location Date acquired Total Checkouts Full call number Barcode Date last seen Copy number Price effective from Koha item type
    Dewey Decimal Classification     London London News article 23/04/2003   WB3915-22 122065-1001 06/08/2019 1 06/08/2019 News article